| 000 | 00000nas##2200000za#4500 |
| 001 | 9.507041 |
| 003 | CaOODSP |
| 005 | 20240215150447 |
| 007 | cr ||||||||||| |
| 008 | 150406c2005||||xxc|| p o||||f| |0eng|d |
| 040 | |aCaOODSP|beng |
| 043 | |an-cn--- |
| 086 | 1 |aPS81-9E-PDF |
| 110 | 2 |aCorrectional Service Canada. |
| 245 | 10|aCORCAN annual report |h[electronic resource] |
| 260 | |aOttawa - Ontario : |bCorrectional Service Canada |
| 310 | |aAnnual |
| 362 | 1 |a[2004-2005] -- |
| 500 | |a"CORCAN is a Special Operating Agency (SOA) within the Correctional Service of Canada (CSC) that has the mandate of contributing to the successful reintegration of offenders."--Page 5 of 42, Annual report 2005-2006. |
| 775 | 08|tRapport annuel de CORCAN |w(CaOODSP)9.503433 |